| 000 | 02440cam a22004094i 4500 | ||
|---|---|---|---|
| 003 | PE-LiUPU | ||
| 005 | 20250731175642.0 | ||
| 008 | 150706s r 000 0 d | ||
| 035 | _a(Sirsi) a52130 | ||
| 040 |
_aPE-LiUPU _bspa _cPE-LiUPU _erda |
||
| 049 | _aPRUA | ||
| 082 | 0 | 4 |
_a411.7 _bS3 _221 |
| 100 | 1 |
_aStein Júnior, Guilherme, _eautor. |
|
| 245 | 1 | 2 |
_aA origem comum das línguas e das religiões. _n1a parte / _cGuilherme Stein Júnior. |
| 250 | _aSegunda edición. | ||
| 264 | 1 |
_aBrasilia : _bSociedade Criacionuista Brasileira, _c1998. |
|
| 300 |
_a157 páginas : _bilustraciones ; _c21 cm. |
||
| 336 |
_atext _2rdacontent |
||
| 337 |
_aunmediated _2rdamedia |
||
| 338 |
_avolume _2rdacarrier |
||
| 504 | _aIncluye referencias bibliográficas. | ||
| 505 | 0 | _aDificultades para a classificação das línguas indígeneas americanas -- As posições constrastantes de Martius e de Von den Steinen -- Os caraibas -- Os Tupis -- Os Nu-aruacs -- Os Tapuyas -- Algunas considerações sobre as dificuldades enfrentadas por Von den Steinen -- Dificuldades enfrentadas por Pimentel -- Exemplo esclarecedor de evolução fonética-o fígado -- O embasamento da nova metodología proposta -- Tupan na teogonía tupi -- Pneuma e o espirito -- Agni, fogo e holocausto -- Indios do Perú -- O conceito de grande e nobre -- A estabilidade do Tupi -- A Suméria e os Súmeres -- Raízes Sumérias da lingua Tupi -- A complexidade da lingua Suméria -- Tabu -- Totem -- A Arara -- O crocodilo -- Aurora e arrebol -- O Verbo Ser -- Cana -- Os Querubins -- José, Tipo do messias -- A serpente -- Estrela -- Morte, propiciação e ressurreição -- Eva -- Nascimento -- A Linguagem e a religião -- O Zodiaco -- Budha e buddha -- Patriarcas. | |
| 526 | _aP145 | ||
| 526 | _aP127 | ||
| 526 | _aP97 | ||
| 526 | _aP35 | ||
| 526 | _aP14 | ||
| 526 | _aP07 | ||
| 650 | 1 | 4 |
_aLenguaje y lenguas _xOrigen. |
| 910 |
_cng _d20130424 |
||
| 942 |
_2ddc _cBOOK |
||
| 949 |
_a411.7 S3 _wDEWEY _c1 _i67023 _lCCODEBUL1 _mBUL _p12.00 _r0 _sY _tLIBRO _u2015-07-06 _xBIBLIOTECA _zUNKNOWN _o.STAFF. Colección General |
||
| 994 |
_aC0 _bPEPRU |
||
| 596 | _a1 | ||
| 999 |
_a411.7 S3 _wDEWEY _c54729 _i67023 _f2021-11-8 _g5 _lCCODEBUL1 _mBUL _p12.00 _r0 _sN _tBOOK _u2015-7-6 _xEDUCACION _zUNKNOWN _0COMPRA _o.STAFF. Colección General _d54729 |
||
| 980 |
_81 _gALBERTO SANCHEZ Responsable de Automatización |
||